00928nam a2200205 a 4500001001000000005001700010008004100027040001800068050002100086100003600107245013900143260006600282300004200348500011900390650003000509650005500539942001100594999001500605952010200620BRCA_221820190320203723.0831014s1984 flua---##c---#001-0#eng-# aDLCcDLCdDLC 4aN5020b.V36 19841 aVan der Marck, Jand1929-9667010aIn Quest of ExcellencebCivic Pride, Patronage, ConnoisseurshipcJan Van der Marck with contributions by J. Carter Brown ... [et al.]. aMiami, Florida, U.S.A.bThe Center for the Fine Artsc[1984]. a256 p.bil. (algunas a color)c30 cm. aCatálogo de la exposición realizada en el Center for the Fine Arts (Miami, Florida), 14 enero - 22 abril, 198414aArtexColeccionismo9667114aMuseos de artexExposicioneszEstados Unidos96672 2lcccB c1971d1971 00104070aBRCAbBRCAd2008-08-14l0oN5020 .V36 1984p02267r2019-03-22 00:00:00w2019-03-22yB